| 000 | 004720000a22001930004500 | ||
|---|---|---|---|
| 001 | 001899 | ||
| 003 | MACL | ||
| 005 | 20151201135323.0 | ||
| 008 | 151201b xxu||||| |||| 00| 0 eng d | ||
| 040 |
_aMACL _cM,ACL |
||
| 041 | _aEnglish | ||
| 082 | _a742 | ||
| 100 |
_aMukundan, Monisha _99179 |
||
| 245 |
_aMore Akbar And Birbal Stories _cMonisha Mukundan |
||
| 260 |
_aRupa And Co., _c2000 |
||
| 350 | _a50 | ||
| 650 |
_aChildren's Book _93410 |
||
| 942 |
_k742 _cBK _2ddc |
||
| 999 |
_c13815 _d13815 |
||